[Event "AUTO-INT-1658"]
[Site "http://www.queenalice.com/game.php?id=794380"]
[Date "2010.6.24"]
[Round "2"]
[White "farnoud13"]
[Black "faelgalodoido"]
[Result "0-1"]
[WhiteElo "1939"]
[BlackElo "1443"]

1. d4 d5 2. Nf3 h6 3. e3 Nc6 4. c3 a6 5. Bd3 Bg4 6. O-O e6 7. Nbd2 Nf6 8. Re1
Bd6 9. e4 dxe4 10. Nxe4 Nxe4 11. Bxe4 Bxf3 0-1

[Event "AUTO-INT-1658"]
[Site "http://www.queenalice.com/game.php?id=794381"]
[Date "2010.6.24"]
[Round "2"]
[White "faelgalodoido"]
[Black "farnoud13"]
[Result "1-0"]
[WhiteElo "1473"]
[BlackElo "1909"]

1. e4 c6 2. e5 d5 3. d4 b6 4. h3 e6 5. Nf3 Ba6 6. Bxa6 Nxa6 7. Qd3 Qc8 8. a3 Ne7
9. Ng5 h6 10. Nf3 Nf5 11. Be3 1-0

[Event "TK2 - CaXA"]
[Site "http://www.queenalice.com/game.php?id=804711"]
[Date "2010.7.17"]
[Round "2"]
[White "faelgalodoido"]
[Black "blourenco"]
[Result "0-1"]
[WhiteElo "1483"]
[BlackElo "1082"]

1. d4 c6 2. e4 d5 3. e5 Qa5+ 4. Bd2 Qa4 5. b3 Qxd4 6. Bc3 Qe4+ 7. Ne2 b5 8. f3
Qe3 9. Bd2 Qxe5 10. Na3 Qb2 11. Bb4 a5 12. Nxb5 cxb5 13. Bc5 Qf6 14. Nd4 Qh4+
15. g3 Qf6 16. Qd3 Qe5+ 17. Be2 Na6 18. Nc6 Nxc5 19. Qxb5 Qc3+ 20. Kf2 Ba6 21.
Qb6 Nd7 22. Qxa5 Qxc6 23. Bxa6 Rxa6 24. Qb4 e5 25. Qg4 Qxc2+ 26. Kg1 Bc5+ 27.
Kf1 Qf2# 0-1

[Event "AUTO-INT-1691"]
[Site "http://www.queenalice.com/game.php?id=819216"]
[Date "2010.8.16"]
[Round "2"]
[White "rootgauss"]
[Black "faelgalodoido"]
[Result "1-0"]
[WhiteElo "1919"]
[BlackElo "1485"]

1. e4 d5 2. exd5 Qxd5 3. Nc3 Qe5+ 4. Be2 Bg4 5. d3 Nf6 6. Be3 e6 7. Nf3 Bb4 8.
Bd4 Bxc3+ 9. Bxc3 Qf4 10. h3 Bxf3 11. Bxf3 Na6 12. Bxb7 1-0

[Event "AUTO-INT-1691"]
[Site "http://www.queenalice.com/game.php?id=819217"]
[Date "2010.8.16"]
[Round "2"]
[White "faelgalodoido"]
[Black "rootgauss"]
[Result "0-1"]
[WhiteElo "1487"]
[BlackElo "1917"]

1. e4 e5 2. Qf3 Nf6 3. Nh3 Nc6 4. a3 Nd4 5. Qd3 Bc5 6. Nc3 d6 7. Be2 O-O 8. b4
Bb6 9. Nd5 Bd7 10. f4 Ba4 11. Ra2 Nxd5 12. Ng5 Nxf4 0-1

[Event "AUTO-INT-1691"]
[Site "http://www.queenalice.com/game.php?id=819224"]
[Date "2010.8.16"]
[Round "2"]
[White "faelgalodoido"]
[Black "agsantos"]
[Result "0-1"]
[WhiteElo "1504"]
[BlackElo "1680"]

1. d4 d5 2. h3 Nf6 3. Qd3 Nc6 4. a3 e5 5. Bg5 Be7 6. Nc3 e4 7. Qe3 O-O 8. O-O-O
a6 9. Qf4 Nh5 10. Qg4 Bxg4 11. Bxe7 Qxe7 12. hxg4 Nf4 13. e3 Ne6 14. Nh3 f5 0-1

[Event "AUTO-INT-1691"]
[Site "http://www.queenalice.com/game.php?id=819225"]
[Date "2010.8.16"]
[Round "2"]
[White "agsantos"]
[Black "faelgalodoido"]
[Result "1-0"]
[WhiteElo "1689"]
[BlackElo "1495"]

1. e4 e5 2. d4 Qh4 3. Nf3 Qxe4+ 4. Qe2 Qxc2 5. Qxc2 Bb4+ 6. Bd2 Bxd2+ 7. Qxd2 e4
8. Qe3 d5 9. Nc3 Nf6 10. Bd3 O-O 11. Nxe4 dxe4 12. Bxe4 Re8 13. Ne5 a5 14. O-O
1-0

[Event "AUTO-INT-1790"]
[Site "http://www.queenalice.com/game.php?id=819465"]
[Date "2010.8.17"]
[Round "1"]
[White "faelgalodoido"]
[Black "wagnerdqkv"]
[Result "0-1"]
[WhiteElo "1533"]
[BlackElo "1548"]

1. e4 e5 2. Qf3 Nf6 3. Bc4 c6 4. d3 Bc5 5. a3 O-O 6. Bg5 Be7 7. Nc3 d5 8. exd5
cxd5 9. Bxd5 Bg4 10. Qe3 Nxd5 11. Qe4 Nxc3 12. Qxg4 Bxg5 13. Nf3 Qa5 14. O-O
Ne2+ 15. Kh1 Bf6 16. b4 Qc7 17. Ra2 Nc3 18. Rb2 Nc6 19. Qf5 Ne7 20. Qh3 e4 0-1

[Event "AUTO-INT-1790"]
[Site "http://www.queenalice.com/game.php?id=819466"]
[Date "2010.8.17"]
[Round "1"]
[White "wagnerdqkv"]
[Black "faelgalodoido"]
[Result "1-0"]
[WhiteElo "1563"]
[BlackElo "1518"]

1. e4 e5 2. Qh5 Nf6 3. Qxe5+ Be7 4. Nc3 d6 5. Qg5 Bf8 6. d4 h6 7. Qd2 Qe7 8. Bd3
Ng4 9. Nf3 g6 10. Nd5 Qf6 11. Nxf6+ Kd8 12. Nxg4 Bxg4 13. Qe3 Nc6 14. h3 Bxf3
15. Qxf3 Nxd4 16. Qd1 Bg7 17. O-O Kd7 18. c3 Nc6 19. Qg4+ Ke7 20. Bb5 1-0

[Event "AUTO-INT-1790"]
[Site "http://www.queenalice.com/game.php?id=819467"]
[Date "2010.8.17"]
[Round "1"]
[White "faelgalodoido"]
[Black "johndavidtelker"]
[Result "0-1"]
[WhiteElo "1547"]
[BlackElo "1770"]

1. e4 c6 2. d4 d5 3. e5 Bf5 4. Bf4 e6 5. Bd3 Bg6 6. Bxg6 hxg6 7. h4 Rxh4 8. Bg3
Rxh1 9. Ke2 Ne7 10. Nc3 Nf5 11. a3 Nxg3+ 12. fxg3 Qg5 13. Qd2 Qxg3 14. Rf1 Qxg2+
15. Ke1 Rxg1 16. Rxg1 Qxg1+ 17. Ke2 Qg2+ 18. Ke1 Qxd2+ 19. Kxd2 c5 20. dxc5 Bxc5
21. Nb5 Kd7 22. b4 Be7 23. Kd3 a6 24. Nd4 Nc6 25. Nf3 Rh8 26. Nd4 Nxe5+ 27. Kd2
Rh2+ 28. Kc3 Bf6 29. Kb3 Nc4 30. Ne2 Rxe2 31. Ka4 Rxc2 32. Kb3 Rc3+ 33. Ka2
Rxa3+ 34. Kb1 Re3 35. Kc2 g5 0-1

[Event "AUTO-INT-1790"]
[Site "http://www.queenalice.com/game.php?id=819468"]
[Date "2010.8.17"]
[Round "1"]
[White "johndavidtelker"]
[Black "faelgalodoido"]
[Result "1-0"]
[WhiteElo "1777"]
[BlackElo "1540"]

1. d4 d5 2. Nc3 a6 3. e4 dxe4 4. f3 Nf6 5. Bc4 b5 6. Bb3 e6 7. Nxe4 b4 8. Bg5 h6
9. Bh4 g5 10. Bg3 Bg7 11. Ne2 Nc6 12. c3 Bf8 13. O-O h5 14. Nxg5 h4 15. Be5 Rh5
16. Ne4 Nxe4 17. fxe4 Bb7 18. Bf6 Be7 19. e5 Bxf6 20. Rxf6 Ke7 21. Bc2 Qg8 22.
Qf1 Rg5 23. Be4 Rg4 24. Qf3 h3 25. g3 Qg5 26. Rxf7+ Kd8 27. Nf4 Rxf4 28. Rxf4
bxc3 29. bxc3 Rb8 30. Bxc6 Qg6 31. Bxb7 Qc2 32. Rf8+ Kd7 33. Rxb8 Qh7 34. Qc6+
Ke7 35. Qxc7# 1-0